| 000 | 01096nam a2200301 a 4500 | ||
|---|---|---|---|
| 001 | 000001739 | ||
| 005 | 20200929145701.0 | ||
| 008 | 970417s1999 mx a b 001 0 spa | ||
| 020 | _a9684443641 | ||
| 040 |
_aDO-SdBNP _bspa _cBNPHU |
||
| 041 | 1 | 7 |
_aspa _heng _2Código de idioma MARC |
| 082 |
_a005.12 _bF785u |
||
| 100 | 1 |
_aFowler, Martin _d1963- _95658 |
|
| 240 | 1 | 0 |
_aUML distilled. _lEspañol |
| 245 | 1 | 0 |
_aUML gota a gota / _cMartin Fowler, Kendall Scott ; traducción, Jaime González V. |
| 260 |
_aMéxico : _bAddison Wesley Longman : _bPeason : _bPrentice, _c1999. |
||
| 300 |
_axx, 203 p. : _bil. ; _c24 cm. |
||
| 504 | _aIncluye referencias bibliográficas. | ||
| 534 |
_aTítulo original: _tUML distilled. |
||
| 650 | 4 |
_aProgramas informáticos _xDesarrollo _95659 |
|
| 650 | 4 |
_aInformática _95660 |
|
| 650 | 4 |
_aUml (informática) _95661 |
|
| 650 | 4 |
_aProgramación (computadores electrónicos) _93871 |
|
| 700 | 1 |
_aScott, Kendall, _d1960- _95662 |
|
| 700 | 1 |
_aGonzález V., Jaime, _etr. _95663 |
|
| 700 | 1 |
_aMorales Peake, David, _etr. _95664 |
|
| 910 | _aCatalogación original noche | ||
| 999 |
_c1617 _d1617 |
||